000 01050nam a2200289Ia 4500
003 CO-BoRNBP
005 20251014120422.0
008 180103s9999 xx 000 0 und d
020 _a9789586654715
040 _aCO-BoRNBP
_bspa
_erda
_cCO-BoRNBP
041 _aspa
082 0 4 _a155.93 P739p
_222
100 1 _aPoch Avellan, Concepción
245 0 _aPérdidas y duelos :
_b reflexiones y herramientas para identificarlos y afrontarlos /
_c Concepción Poch
250 _aEdición especial
264 _aBogotá :
_b Octaedro :
_b Siglo del Hombre,
_c2017
300 _a173 paginas ;
_c 20 cm.
336 _atexto
_btxt
_2rdacontent
337 _asin mediación
_bn
_2rdamedia
338 _avolumen
_bnc
_2rdacarrier
490 _aPlan Nacional de Lectura y Escritura Leer es mi Cuento / Ministerio de Cultura. Convivencias
_v27
500 _aIncluye índice. Incluye datos biográficos del autor. \
650 1 4 _aDuelo - Aspectos Psicológicos
650 1 4 _aPérdida (Psicología
650 1 4 _aResiliencia (Psicología)
942 _2ddc
_cBK
999 _c3335
_d3335